| 000 | 01775nam a22003258i 4500 | ||
|---|---|---|---|
| 999 |
_c1513 _d1513 |
||
| 001 | 021729336 | ||
| 003 | UkOxU | ||
| 005 | 20230110100538.0 | ||
| 008 | 190625s2019 enk 000|f|eng|d | ||
| 015 |
_aGBB9D5359 _2bnb |
||
| 016 | 7 |
_a019496170 _2Uk |
|
| 020 | _a9781785039737 (pbk.) : | ||
| 035 | _a(Uk)019496170 | ||
| 035 | _a(StEdALDL)1/3836781 | ||
| 040 |
_aStDuBDS _beng _cStDuBDS _dKH8 |
||
| 049 | _aCROBAR | ||
| 082 | 0 | 4 |
_aFIC ARD _223 |
| 100 | 1 |
_aArden, Katherine, _eauthor. |
|
| 245 | 1 | 4 |
_aThe winter of the witch / _cKatherine Arden. |
| 263 | _a201910 | ||
| 264 | 1 |
_aLondon : _bDel Rey, _c2019. |
|
| 300 |
_a372 p. ; _c20 cm. |
||
| 336 |
_atext _2rdacontent |
||
| 337 |
_aunmediated _2rdamedia |
||
| 338 |
_avolume _2rdacarrier |
||
| 440 |
_aThe Winternight Trilogy; _nbk 3. |
||
| 520 | _aFollowing their adventures in The Bear and the Nightingale and The Girl in the Tower, Vasya and Morozko return in this stunning conclusion to the bestselling Winternight Trilogy, battling enemies mortal and magical to save both Russias, the seen and the unseen. Now Moscow has been struck by disaster. Its people are searching for answers—and for someone to blame. Vasya finds herself alone, beset on all sides. The Grand Prince is in a rage, choosing allies that will lead him on a path to war and ruin. A wicked demon returns, stronger than ever and determined to spread chaos. Caught at the center of the conflict is Vasya, who finds the fate of two worlds resting on her shoulders. Her destiny uncertain, Vasya will uncover surprising truths about herself and her history as she desperately tries to save Russia, Morozko, and the magical world she treasures. But she may not be able to save them all. | ||
| 655 | 0 | _aFantasy fiction. | |
| 942 |
_2ddc _cFIC |
||